000 00282nam a22001337a 4500
003 SGT
020 _a9781632422255
082 _a617.8
_bH15C
100 _aCROW, DAVID
245 _aHEARING LOSS
260 _aNEW JERSEY
_bFOSTER ACADEMIC
_c2007
300 _a410
942 _2ddc
_cBK
999 _c17906
_d17906